000 00418nam a2200169Ia 4500
008 230711s9999||||xx |||||||||||||| ||und||
020 _a978-81-317-2143-8
041 _aENG
082 _a621.381536
_bWI-D
100 _aWilson,Stephen G
245 0 _aDigital modulation and coding
250 _a1st Ed.
260 _c2009
_aNew Delhi
_bPearson
300 _a677p.
650 _aElectronics Engineering
942 _cBK
999 _c5998
_d5998